000 00662nam a22002297a 4500
005 20220516120142.0
008 220120b ||||| |||| 00| 0 eng d
040 _cAL
041 _aeng
082 _223
_a658.15
_bTHOM
100 _aT Thomas
_937226
245 _aManaging A Business In India
260 _aNew Delhi
_bAllied Publishers Pvt. Ltd.,
_c1981
300 _avi,252 p.
_bHB
_c22x14 cm.
650 _aBusiness In India
_913876
650 _aRelevant Technology
_913877
650 _aOils and Fats
_913878
650 _aProfessional Management
_913879
650 _aEssential Commodities
_913880
700 _aTHOMAS (T)
_913881
942 _2ddc
_cGF
999 _c221260
_d221260